000 00499nam a2200193 a 4500
001 1763208569176
003 ACL
005 20251115174048.0
008 251115s2007##################000#0#eng##
020 _a9780123742629
082 0 4 _a621.042
_bSOR
100 1 _aSørensen, Bent,
_eauthor.
245 1 0 _aRenewable Energy Conversion, Transmission, and Storage :
260 _bAcademic Press,
_c2007.
300 _a327 pages
650 0 _aScience.
942 _cENGLISH
040 _aACL
_beng
_cACL
999 _c597735
_d597735